La inquietud del rosal / (Record no. 148308)

MARC details
000 -LEADER
campo de control de longitud fija 00562nam a2200181 4500
001 - NÚMERO DE CONTROL
campo de control 148308
003 - IDENTIFICADOR DE NÚMERO DE CONTROL
campo de control ES-MaACL
005 - FECHA Y HORA DE LA ÚLTIMA TRANSACCIÓN
campo de control 20250427062958.0
007 - CAMPO FIJO DE DESCRIPCIÓN FÍSICA--INFORMACIÓN GENERAL
campo de control de longitud fija t|
008 - DATOS DE LONGITUD FIJA--INFORMACIÓN GENERAL
campo de control de longitud fija 070214s1916 ag r ||||1| spa d
100 1# - ENTRADA PRINCIPAL--NOMBRE DE PERSONA
Nombre de persona Storni, Alfonsina,
Fechas asociadas al nombre 1892-1938
9 (RLIN) 108334
245 13 - MENCIÓN DEL TÍTULO
Título La inquietud del rosal /
Mención de responsabilidad, etc. Alfonsina Storni ; prólogo de Juan Julián Lastra.
260 ## - PUBLICACIÓN, DISTRIBUCIÓN, ETC.
Lugar de publicación, distribución, etc. Buenos Aires :
Nombre del editor, distribuidor, etc. M. Calvelio,
Fecha de publicación, distribución, etc. [1916]
300 ## - DESCRIPCIÓN FÍSICA
Extensión 126 p. ;
Dimensiones 19 x 14 cm.
700 1# - ENTRADA AGREGADA--NOMBRE PERSONAL
Nombre de persona Lastra, Juan Julián.
9 (RLIN) 70498
852 ## - LOCALIZACIÓN
Ubicación ES-MaACL
Número de control de estantería D-2931
Holdings
Estatus retirado Estado de pérdida Estado de daño No para préstamo Biblioteca de origen Biblioteca actual Ubicación en estantería Fecha de adquisición Fuente de adquisición Total de préstamos Signatura topográfica completa Código de barras Visto por última vez Precio de reemplazo Tipo de ítem Koha
        Biblioteca del Ateneo de Madrid Biblioteca del Ateneo de Madrid Sala Valle Inclán 17/01/2008     D-2931 901154776 23/02/2023 23/02/2023 Libro impreso